LEADER 00839cam0 2200265 450 001 E600200064094 005 20210906084033.0 100 $a20100526d1960 |||||ita|0103 ba 101 $afre 102 $aFR 200 1 $aValery$fpar André Berne-Joffroy 210 $aParis$cGallimard$dc1960 215 $a314 p.,$cill.$d19 cm 225 2 $aLa bibliotheque ideale 410 1$1001LAEC00028507$12001 $a*La bibliotheque ideale 700 1$aBerne-Joffroy$b, André$3A600200061311$4070$0484692 801 0$aIT$bUNISOB$c20210906$gRICA 850 $aUNISOB 852 $aUNISOB$j840$m15356 912 $aE600200064094 940 $aM 102 Monografia moderna SBN 941 $aM 957 $a840$b000063$gSi$d15356$rAcquisto$1vittorini$2UNISOB$3UNISOB$420100526071644.0$520150721090912.0$6Alfano 996 $aValéry$9913382 997 $aUNISOB LEADER 01271cam2 22003011 450 001 SOBE00035227 005 20211215081457.0 100 $a20130710d1947 |||||ita|0103 ba 101 $aita 102 $aIT 200 0 $a1$fPlotino 210 $aBari$cLaterza$d1947 215 $aXV, 461 p.$d22 cm 461 1$1001SOBE00035225$12001 $aEnneadi / Plotino ; prima versione critica e commentario critico di Vincenzo Cilento 700 0$aPlotinus$3A600200026383$4070$0198801 801 0$aIT$bUNISOB$c20211215$gRICA 850 $aUNISOB 852 $aUNISOB$j1|D$m10629|ort 852 $aUNISOB$j100|Coll|20|K$m3014 852 $aUNISOB$jFondo|Cosenza$m161463 912 $aSOBE00035227 940 $aM 102 Monografia moderna SBN 941 $aW 957 $xFondo|Ortolani$a1|D$b8$i-7.1$fmodalità di consultazione sulla home page della Biblioteca link Fondi$gCON$d10629|ort$hOrtolaniS$rdono$1calvano123$2UNISOB$3UNISOB$420130710085338.0$520130710090249.0$6calvano123 957 $a100|Coll|20|K$b000011$i-1$gSI$d3014$1catenacci$2UNISOB$3UNISOB$420130710114238.0$520211215081457.0$6Alfano 957 $aFondo|Cosenza$b000943$i-1$gSI$d161463$hCosenza$rdono$tA$1menle$2UNISOB$3UNISOB$420140127111411.0$520140127111457.0$6menle 996 $a1$91713332 997 $aUNISOB